000 00305nam a22001217a 4500
003 SGT
082 _a200
_bS07R
100 _aराय, विवेकी
245 _aसवालों के सामने
260 _bअनिल प्रकाशन
_c2007
300 _a160
942 _2ddc
_cBK
999 _c31815
_d31815